000 00425nam a2200157 i 4500
001 bg
245 0 _aEncyklopedia muzyczna PWM [Polskiego Wydawnictwa Muzycznego] /
_cpod red. E. Dziębowskiej. T.1: A-B.
250 _a[Wyd.2].
260 _aKraków,
_c1986.
700 1 _aDziębowska, Elżbieta.
_eRed.
040 _cBPK
041 _apol
080 _a78(03)
942 _cKS
008 s pl f |000 0 pol
999 _c23169
_d23169
856 _uhttp://koha.tu.koszalin.pl/cgi-bin/koha/opac-detail.pl?biblionumber=23169
_yKatalog online BPK